000
00270nam a2200109Ia 4500
008
200302s9999 xx 000 0 und d
100
_a
A. Faulkner Taylor
245
_a
Photography in Commerce and Industry
260
_b
Fountain Press.
260
_c
1962
300
_a
414 P.,
999
_c
458
_d
458